000 01235pam a2200337 a 4500
001 3241
003 FISKH
005 20250409111333.0
008 951023s1996 nyua j 000 1 eng
010 _a 95042525
020 _a0670868620 (hardcover)
040 _aDLC
_cDLC
_dDLC
_beng
042 _alcac
050 0 0 _aPZ7.K6797
_bHnn 1996
082 0 0 _a[Fic]
_220
100 1 _aKline, Suzy.
245 1 0 _aHorrible Harry and the dungeon /
_cby Suzy Kline ; pictures by Frank Remkiewicz.
250 _aFirst Scholastic printing, September 1998
260 _aNew York :
_bScholastic,
_c1996
300 _a58 pages :
_billustrations ;
_c20 cm
505 _aO
520 _aIt's almost summer vacation and the students in room 2B are having trouble concentrating on their butterfly project, until a frightening-looking new teacher comes to supervise the Suspension Room and Harry is sent there as punishment for unruly behavior.
521 _a600
_bLexile
521 _aO
_bRaz-Plus
650 1 _aSchools
_xFiction.
650 1 _aTeachers
_xFiction.
650 1 _aButterflies
_xFiction.
700 1 _aRemkiewicz, Frank,
_eillustrator
906 _a7
_bcbc
_corignew
_d1
_eocip
_f19
_gy-gencatlg
942 _2ddc
_cBK
_n0
999 _c3241
_d3241